[Event "62.HEM 2008, Gruppe C"]
[Site "Hanau"]
[Date "2008.03.20"]
[Round "2.1"]
[White "Eg, Karlheinz"]
[Black "Hoehne, Volkmar"]
[Result "1-0"]
[WhiteElo "2090"]
[BlackElo "1917"]
[PlyCount "55"]
[EventDate "2008.??.??"]

1. e4 c5 2. Nf3 e6 3. d4 cxd4 4. Nxd4 Nf6 5. Nc3 d6 6. Be3 Be7 7. Be2 a6 8. O-O
O-O 9. f4 Qc7 10. Bf3 Bd7 11. g4 Nc6 12. g5 Ne8 13. h4 Nxd4 14. Qxd4 Rc8 15.
Rf2 Qc4 16. Qd2 b5 17. Be2 Qc6 18. a3 Qb7 19. f5 Bc6 20. Bd3 Bd8 21. fxe6 fxe6
22. Rxf8+ Kxf8 23. Rf1+ Kg8 24. Qf2 Qe7 25. e5 Bc7 26. g6 h6 27. Qf7+ Qxf7 28.
gxf7+ 1-0

[Event "62.HEM 2008, Gruppe C"]
[Site "Hanau"]
[Date "2008.03.20"]
[Round "2.2"]
[White "Ostermeier, Thorsten"]
[Black "Scholz, Uwe"]
[Result "1-0"]
[WhiteElo "1949"]
[BlackElo "2072"]
[PlyCount "81"]
[EventDate "2008.??.??"]

1. d4 Nf6 2. Nf3 d6 3. c4 g6 4. Nc3 Bg7 5. h3 O-O 6. e4 c6 7. Be2 Qc7 8. e5
dxe5 9. Nxe5 Be6 10. Bf4 Qb6 11. a3 Nbd7 12. O-O Nxe5 13. Bxe5 Ne8 14. Na4 Qd8
15. Nc5 Qc8 16. Rc1 Nf6 17. Qb3 b6 18. Nxe6 Qxe6 19. Bf3 Rac8 20. Rfe1 Qd7 21.
Qe3 e6 22. Red1 Rfd8 23. b3 Ne8 24. Rc2 Qe7 25. a4 Nd6 26. g4 Qh4 27. Kh2 Bh6
28. Qc3 Bg5 29. c5 Ne8 30. cxb6 axb6 31. Bxc6 Nf6 32. Qg3 Qxg3+ 33. Kxg3 Nd5
34. Rc4 Be7 35. Kf3 Nb4 36. Bb5 f6 37. Bc7 Rxc7 38. Rxc7 Nd5 39. Rc6 Kf7 40.
Bc4 Nb4 41. Rxe6 1-0

[Event "62.HEM 2008, Gruppe C"]
[Site "Hanau"]
[Date "2008.03.20"]
[Round "2.3"]
[White "Rack, Matthias"]
[Black "Geringer, Waldemar"]
[Result "1/2-1/2"]
[WhiteElo "2051"]
[BlackElo "1891"]
[PlyCount "70"]
[EventDate "2008.??.??"]

1. Nf3 Nf6 2. g3 g6 3. Bg2 Bg7 4. d3 d5 5. O-O O-O 6. Nbd2 c5 7. c3 Nc6 8. Qc2
e5 9. e4 d4 10. Nb3 Qe7 11. Nh4 b5 12. cxd4 Nxd4 13. Qxc5 Qxc5 14. Nxc5 Rd8 15.
Nf3 Bf8 16. Nxd4 Rxd4 17. b4 a5 18. Nb3 Rxd3 19. bxa5 Be6 20. Bb2 Bxb3 21. axb3
Nd7 22. Bh3 Rxb3 23. Rfb1 Nc5 24. Bxe5 Rxa5 25. Rxa5 Rxb1+ 26. Kg2 Nxe4 27. Ra8
f6 28. Bf4 Rb2 29. Bh6 Rxf2+ 30. Kg1 Kf7 31. Rxf8+ Ke7 32. Rb8 Rb2 33. Bf8+ Kf7
34. Ba3 Rb1+ 35. Kg2 f5 1/2-1/2

[Event "62.HEM 2008, Gruppe C"]
[Site "Hanau"]
[Date "2008.03.20"]
[Round "2.4"]
[White "Juhnke, Peter"]
[Black "Froehlich-Dill, Astrid"]
[Result "1/2-1/2"]
[WhiteElo "1917"]
[BlackElo "1991"]
[PlyCount "66"]
[EventDate "2008.??.??"]

1. e4 c5 2. c3 Nc6 3. d4 cxd4 4. cxd4 d5 5. exd5 Qxd5 6. Nf3 Bg4 7. Be2 e6 8.
O-O Nf6 9. Nc3 Qd7 10. Re1 Rd8 11. Be3 Bb4 12. a3 Bxc3 13. bxc3 O-O 14. Bg5 Ne4
15. Bxd8 Nxc3 16. Qd3 Nxe2+ 17. Rxe2 Bxf3 18. gxf3 Qxd4 19. Rd1 Rxd8 20. Red2
Qxd3 21. Rxd3 Rxd3 22. Rxd3 Kf8 23. Rd7 Na5 24. Rc7 g6 25. f4 Kg7 26. Kg2 Kf6
27. Kf3 a6 28. Ke3 b5 29. Kd3 Nc4 30. Rc6 Nxa3 31. Rxa6 Nc4 32. Ra7 h6 33. Rb7
Nd6 1/2-1/2

[Event "62.HEM 2008, Gruppe C"]
[Site "Hanau"]
[Date "2008.03.20"]
[Round "2.5"]
[White "Guenzler, Richard"]
[Black "Walda, Michael"]
[Result "1-0"]
[WhiteElo "1851"]
[BlackElo "1973"]
[PlyCount "67"]
[EventDate "2008.??.??"]

1. d4 Nf6 2. c4 g6 3. Nc3 Bg7 4. e4 d6 5. Nf3 O-O 6. Be2 e5 7. d5 a5 8. Bg5 Na6
9. Nd2 h6 10. Bh4 g5 11. Bg3 Nxe4 12. Ndxe4 f5 13. f3 fxe4 14. Nxe4 Bf5 15. Bd3
Nb4 16. Bb1 Qe8 17. a3 Na6 18. Bf2 b5 19. Qe2 bxc4 20. Qxc4 Bd7 21. Bd3 Rf4 22.
Be3 Rf8 23. Ng3 Qf7 24. Qe4 Rfb8 25. h4 Rxb2 26. hxg5 Rxg2 27. Qh7+ Kf8 28.
gxh6 Rxg3 29. hxg7+ Ke8 30. Qh8+ Ke7 31. Qh4+ Qf6 32. Qxg3 Kf7 33. Rh7 Rg8 34.
Bg5 1-0

[Event "62.HEM 2008, Gruppe C"]
[Site "Hanau"]
[Date "2008.03.20"]
[Round "2.6"]
[White "Bosse, Volkmar"]
[Black "Raab, Hendrik"]
[Result "1/2-1/2"]
[WhiteElo "1968"]
[BlackElo "1731"]
[PlyCount "32"]
[EventDate "2008.??.??"]

1. e4 c6 2. d4 d5 3. Nc3 dxe4 4. Nxe4 Bf5 5. Ng3 Bg6 6. Nf3 Nd7 7. Bd3 Bxd3 8.
Qxd3 e6 9. O-O Ngf6 10. Re1 Be7 11. Qe2 h6 12. Bd2 O-O 13. Nh4 Re8 14. Nf3 c5
15. dxc5 Bxc5 16. Be3 Qb6 1/2-1/2

[Event "62.HEM 2008, Gruppe C"]
[Site "Hanau"]
[Date "2008.03.20"]
[Round "2.7"]
[White "Schoesser, Manfred"]
[Black "Will, Jens"]
[Result "1/2-1/2"]
[WhiteElo "1772"]
[BlackElo "1964"]
[PlyCount "82"]
[EventDate "2008.??.??"]

1. e4 e5 2. Nf3 Nc6 3. Bb5 a6 4. Ba4 Nf6 5. O-O Nxe4 6. d4 b5 7. Bb3 d5 8. dxe5
Be6 9. c3 Be7 10. Bf4 O-O 11. Nbd2 Na5 12. Bc2 Nxd2 13. Qxd2 f5 14. Nd4 Qd7 15.
b3 c5 16. Nxe6 Qxe6 17. c4 Nxc4 18. bxc4 bxc4 19. Rfe1 d4 20. Rac1 Rac8 21. Bd1
c3 22. Qd3 g5 23. Qg3 Qg6 24. Qd3 gxf4 25. Bb3+ Kh8 26. Bc4 a5 27. a4 Bg5 28.
Rc2 f3 29. Qxf3 Bd2 30. Re2 f4 31. Bd3 Qc6 32. Qh5 Rc7 33. e6 Re7 34. Qe5+ Kg8
35. Bb5 Qb7 36. Qxc5 d3 37. Rexd2 cxd2 38. Rxd2 Rxe6 39. h3 Rc8 40. Qd4 Re1+
41. Kh2 Qe4 1/2-1/2

[Event "62.HEM 2008, Gruppe C"]
[Site "Hanau"]
[Date "2008.03.20"]
[Round "2.8"]
[White "Neumann, Uwe"]
[Black "Larem, Peter"]
[Result "1/2-1/2"]
[WhiteElo "1716"]
[BlackElo "1951"]
[PlyCount "142"]
[EventDate "2008.??.??"]

1. d4 Nf6 2. c4 c5 3. d5 b5 4. cxb5 a6 5. bxa6 Bxa6 6. g3 d6 7. Nc3 g6 8. Bg2
Bg7 9. e4 Nbd7 10. Nge2 O-O 11. O-O Qb6 12. Rb1 Ng4 13. Bd2 Nge5 14. b3 Bd3 15.
Rc1 Qa6 16. Re1 c4 17. b4 Qa3 18. Nd4 Nf6 19. f4 Ned7 20. Nc6 Nb8 21. Nxe7+ Kh8
22. e5 Qa7+ 23. Be3 Qxe7 24. exf6 Qxf6 25. a4 Nd7 26. Be4 Rfb8 27. b5 Nc5 28.
Bxc5 dxc5 29. Qd2 Qd4+ 30. Qe3 Re8 31. Kg2 Qxe3 32. Rxe3 Bxc3 33. Rxc3 Rxe4 34.
Rxe4 Bxe4+ 35. Kf2 Bxd5 36. Ra3 Ra5 37. Ke3 f5 38. Ra1 Be4 39. b6 Kg7 40. Rb1
Bb7 41. Rd1 Kh6 42. Rd7 Bc6 43. b7 Bxb7 44. Rxb7 Rxa4 45. Rb2 Ra3+ 46. Ke2 c3
47. Rc2 c4 48. Kf2 Rb3 49. Ke3 Rb2 50. Rxc3 Rb3 51. Kd4 Rxc3 52. Kxc3 Kh5 53.
Kxc4 Kg4 54. Kd3 Kf3 55. Kd2 h5 56. Ke1 h4 57. gxh4 Kxf4 58. h5 gxh5 59. Kf2
Kg4 60. Kg2 h4 61. h3+ Kf4 62. Kf2 Ke4 63. Ke2 f4 64. Kf2 f3 65. Kf1 Kf5 66.
Kg1 Ke4 67. Kf1 Ke3 68. Ke1 Ke4 69. Kf1 Ke3 70. Ke1 f2+ 71. Kf1 Kf3 1/2-1/2

[Event "62.HEM 2008, Gruppe C"]
[Site "Hanau"]
[Date "2008.03.20"]
[Round "2.9"]
[White "Storkebaum, Ulrike"]
[Black "Overbeck, Christopher"]
[Result "1-0"]
[WhiteElo "1951"]
[BlackElo "1816"]
[PlyCount "127"]
[EventDate "2008.??.??"]

1. e4 c5 2. Nf3 Nc6 3. d4 cxd4 4. Nxd4 g6 5. Be3 Nf6 6. Nc3 Bg7 7. Be2 O-O 8.
O-O d5 9. Nxc6 bxc6 10. e5 Nd7 11. f4 e6 12. Na4 f6 13. exf6 Bxf6 14. Qd2 Qe7
15. c4 Rb8 16. Rac1 Qb4 17. Qxb4 Rxb4 18. b3 d4 19. Bd2 Rb8 20. c5 e5 21. Bc4+
Kg7 22. fxe5 Nxe5 23. Nb2 Bf5 24. h3 Rbe8 25. Ba6 h5 26. b4 Be4 27. a4 Rb8 28.
Rfe1 Bf5 29. Rf1 Be4 30. Rce1 Bf5 31. Rc1 Be4 32. Bc4 Bf5 33. Rfe1 Rfe8 34. Bf1
Bh4 35. Rxe5 Rxe5 36. Bf4 Rxc5 37. Rxc5 Rxb4 38. Be5+ Kf8 39. Bd6+ Be7 40.
Rxf5+ gxf5 41. Bxb4 Bxb4 42. Bd3 f4 43. Kf2 Bd6 44. Kf3 Ba3 45. Nc4 Bc1 46. Ne5
c5 47. Nd7+ Ke7 48. Nxc5 Kd6 49. Ne4+ Kc6 50. Bb5+ Kb6 51. Nf6 h4 52. Ke4 a6
53. Be8 Kc5 54. Kd3 Kb4 55. Nd5+ Kc5 56. Nc7 a5 57. Ne6+ Kd5 58. Nxd4 Be3 59.
Nb3 Bb6 60. Ke2 Kc4 61. Nd2+ Kd5 62. Kf3 Be3 63. Nb3 Bb6 64. Kxf4 1-0

[Event "62.HEM 2008, Gruppe C"]
[Site "Hanau"]
[Date "2008.03.20"]
[Round "2.10"]
[White "Pade, Eric"]
[Black "Mussler, Thomas"]
[Result "1-0"]
[WhiteElo "1731"]
[BlackElo "2168"]
[PlyCount "85"]
[EventDate "2008.??.??"]

1. d4 Nf6 2. c4 g6 3. Nc3 Bg7 4. e4 d6 5. Be2 O-O 6. Nf3 e5 7. O-O Nc6 8. d5
Ne7 9. Nd2 Ne8 10. a3 f5 11. b4 Kh8 12. f3 Bh6 13. Nb3 Bxc1 14. Rxc1 Ng8 15. c5
Ngf6 16. Qc2 a6 17. a4 Nh5 18. b5 Qg5 19. Rf2 Nf4 20. Kh1 Nf6 21. Bf1 N4h5 22.
a5 Qh4 23. c6 bxc6 24. dxc6 axb5 25. Nxb5 Rf7 26. Kg1 Be6 27. Bc4 Bxc4 28. Qxc4
Raf8 29. g3 Nxg3 30. hxg3 Qxg3+ 31. Rg2 Qxf3 32. Nxd6 cxd6 33. c7 Rxc7 34. Qxc7
Qxb3 35. Qb6 Qxb6+ 36. axb6 Rb8 37. Rb2 Nxe4 38. Rc7 Nc5 39. Ra2 Kg8 40. Raa7
Ne6 41. Rab7 Ra8 42. Re7 Nf4 43. Rg7+ 1-0

[Event "62.HEM 2008, Gruppe C"]
[Site "Hanau"]
[Date "2008.03.20"]
[Round "2.11"]
[White "Smits, Oswald"]
[Black "Schnegelsberg, Karl-Heinz"]
[Result "0-1"]
[WhiteElo "1921"]
[BlackElo "2044"]
[PlyCount "60"]
[EventDate "2008.??.??"]

1. d4 Nf6 2. Nf3 g6 3. c4 Bg7 4. Nc3 d5 5. e3 O-O 6. cxd5 Nxd5 7. Bc4 Nb6 8.
Be2 Nc6 9. O-O e5 10. dxe5 Qe7 11. a3 Re8 12. Bd2 Nxe5 13. Nxe5 Bxe5 14. Qe1
Be6 15. Qc1 Rad8 16. Be1 Nc4 17. Kh1 c5 18. Qc2 a6 19. Rd1 b5 20. Bxc4 Bxc4 21.
Rg1 Bxh2 22. Ne2 Qh4 23. g3 Bxg3+ 24. Kg2 Qh2+ 25. Kf1 Bh4 26. b3 Bd5 27. Nf4
Bf3 28. Rxd8 Rxd8 29. Qb2 Rd1 30. Qc2 Qxg1+ 0-1

[Event "62.HEM 2008, Gruppe C"]
[Site "Hanau"]
[Date "2008.03.20"]
[Round "2.12"]
[White "Beck, Manfred"]
[Black "Johne, Siegfried"]
[Result "1-0"]
[WhiteElo "1895"]
[BlackElo "2023"]
[PlyCount "49"]
[EventDate "2008.??.??"]

1. c4 Nf6 2. Nc3 d5 3. cxd5 Nxd5 4. Nf3 e6 5. d4 Bb4 6. Bd2 O-O 7. e4 Nf6 8.
Qc2 h6 9. Be2 Nc6 10. Be3 b6 11. O-O Bb7 12. h3 Ne7 13. Bd3 Bxc3 14. bxc3 Qd7
15. Ne5 Qc8 16. Rac1 Ba6 17. Rfd1 Bxd3 18. Qxd3 Qb7 19. f3 Rfd8 20. Qe2 Nd7 21.
Ng4 c6 22. h4 b5 23. Rb1 Nb6 24. h5 Nc4 25. Qxc4 1-0

[Event "62.HEM 2008, Gruppe C"]
[Site "Hanau"]
[Date "2008.03.20"]
[Round "2.13"]
[White "Fischer, Arthur"]
[Black "Draxler, Gottfried"]
[Result "1-0"]
[WhiteElo "2013"]
[BlackElo "1846"]
[PlyCount "81"]
[EventDate "2008.??.??"]

1. e4 c5 2. c3 d6 3. d4 cxd4 4. cxd4 Nf6 5. Nc3 g6 6. Nf3 Bg7 7. h3 a6 8. Bd3
Nc6 9. O-O b5 10. Re1 O-O 11. Be3 e6 12. Qd2 Bb7 13. Bg5 Qb6 14. d5 Nd4 15.
Nxd4 Qxd4 16. Be3 Qb4 17. a3 Qa5 18. dxe6 fxe6 19. Bc2 Ne8 20. Bb3 Bc8 21. Bd4
Qc7 22. Rac1 Qe7 23. Nd5 Qd8 24. Nb6 Bd7 25. Nxa8 Qxa8 26. Bxg7 Kxg7 27. Qc3+
Kh6 28. Re3 Qa7 29. Rf3 Rxf3 30. Qxf3 Kg7 31. Qc3+ Kg8 32. h4 h5 33. Re1 Qb6
34. Qh3 Ng7 35. Qg3 Kh7 36. Rd1 d5 37. exd5 Nf5 38. Qg5 e5 39. d6 Nd4 40. Qe7+
Kh6 41. Qf8+ 1-0

[Event "62.HEM 2008, Gruppe C"]
[Site "Hanau"]
[Date "2008.03.20"]
[Round "2.14"]
[White "Ritscher, Georg"]
[Black "Haftmann, Rainer"]
[Result "1/2-1/2"]
[WhiteElo "1993"]
[BlackElo "1859"]
[PlyCount "116"]
[EventDate "2008.??.??"]

1. e4 e5 2. Nf3 Nc6 3. Bb5 a6 4. Ba4 Nf6 5. O-O b5 6. Bb3 Be7 7. Re1 O-O 8. a4
Bb7 9. axb5 axb5 10. Rxa8 Qxa8 11. d3 d6 12. Nc3 b4 13. Nd5 Nxd5 14. Bxd5 Nd4
15. Nxd4 exd4 16. Bd2 c5 17. Bb3 Qd8 18. Qh5 g6 19. Qf3 Kg7 20. Ra1 Bc8 21. Bd5
Bg5 22. Qd1 Qf6 23. Qc1 Bxd2 24. Qxd2 Be6 25. Bxe6 fxe6 26. Ra6 e5 27. f3 Rf7
28. Qe1 Rb7 29. b3 Rd7 30. Qg3 Qf4 31. Qxf4 exf4 32. Kf2 Kf6 33. g3 g5 34. Kg2
Ke5 35. Kh3 h5 36. Ra8 fxg3 37. hxg3 Rf7 38. Re8+ Kf6 39. Ra8 Ke6 40. Kg2 Rg7
41. Re8+ Kd7 42. Ra8 Rg6 43. Ra6 Rg8 44. Kf2 h4 45. Kg2 Kc7 46. Kh3 Rf8 47. Kg4
Rh8 48. gxh4 gxh4 49. f4 h3 50. Ra1 h2 51. Rh1 Kd7 52. Kg3 Rg8+ 53. Kxh2 Rg4
54. Rf1 d5 55. exd5 Kd6 56. Kh3 Rg7 57. Rf2 Kxd5 58. Kh4 Ke6 1/2-1/2

[Event "62.HEM 2008, Gruppe C"]
[Site "Hanau"]
[Date "2008.03.20"]
[Round "2.15"]
[White "Fußnecker, Manfred"]
[Black "Egenolf, Dirk"]
[Result "1/2-1/2"]
[WhiteElo "1989"]
[BlackElo "1799"]
[PlyCount "88"]
[EventDate "2008.??.??"]

1. e4 c5 2. Nf3 Nc6 3. Bb5 a6 4. Bxc6 dxc6 5. h3 Nf6 6. d3 Qc7 7. e5 Nd5 8. O-O
Bf5 9. Nbd2 h6 10. Re1 O-O-O 11. Ne4 e6 12. Qe2 g5 13. a3 Be7 14. c4 Nb6 15.
Be3 Nd7 16. Bd2 Rhg8 17. Bc3 g4 18. hxg4 Bxg4 19. b4 Rg6 20. bxc5 Nxc5 21. d4
Nxe4 22. Qxe4 Bf5 23. Qe3 Rdg8 24. g3 h5 25. d5 exd5 26. cxd5 cxd5 27. Nd4 Bd7
28. Rac1 Kb8 29. Bb4 Qd8 30. e6 fxe6 31. Qe5+ Ka8 32. Bxe7 Qxe7 33. Rc7 Rg5 34.
Nf5 Qd8 35. Qd6 Bc8 36. Rec1 Rxf5 37. Rxc8+ Qxc8 38. Rxc8+ Rxc8 39. Qxe6 Rcf8
40. Qd6 R8f6 41. Qc5 Rc6 42. Qd4 Rcf6 43. Qc5 Kb8 44. Qd4 Ka8 1/2-1/2

[Event "62.HEM 2008, Gruppe C"]
[Site "Hanau"]
[Date "2008.03.20"]
[Round "2.16"]
[White "Meier, Lars"]
[Black "Gutacker, Stephan"]
[Result "1/2-1/2"]
[WhiteElo "1864"]
[BlackElo "1985"]
[PlyCount "81"]
[EventDate "2008.??.??"]

1. e4 e5 2. Nf3 Nc6 3. Bb5 a6 4. Bxc6 dxc6 5. d4 exd4 6. Qxd4 Qxd4 7. Nxd4 c5
8. Ne2 Bd7 9. Nbc3 Ne7 10. Be3 Ng6 11. O-O-O O-O-O 12. Nf4 Bd6 13. Nfd5 Bc6 14.
f4 f6 15. g3 Rhe8 16. Bf2 b5 17. Rhe1 Kb7 18. Re3 Bd7 19. Nb1 Bg4 20. Rh1 c6
21. Ndc3 Nf8 22. Nd2 Nd7 23. h3 Bh5 24. f5 Ne5 25. Ne2 Bf7 26. b3 c4 27. bxc4
Bc5 28. cxb5 axb5 29. Nb3 Bxe3+ 30. Bxe3 Bxb3 31. axb3 Nf7 32. Nc3 Nd6 33. Rd1
Kc7 34. Bf4 Rd7 35. Ne2 Rxe4 36. Nd4 Rxd4 37. Rxd4 c5 38. Bxd6+ Rxd6 39. Rg4
Rd7 40. Re4 Kc6 41. Re6+ 1/2-1/2

[Event "62.HEM 2008, Gruppe C"]
[Site "Hanau"]
[Date "2008.03.20"]
[Round "2.17"]
[White "Wolff, Michael"]
[Black "Schmitt, Carsten"]
[Result "0-1"]
[WhiteElo "1953"]
[BlackElo "1821"]
[PlyCount "66"]
[EventDate "2008.??.??"]

1. e4 c5 2. Nf3 Nc6 3. d4 cxd4 4. Nxd4 Nf6 5. Nc3 e6 6. Ndb5 d6 7. Bf4 e5 8.
Bg5 a6 9. Na3 Be6 10. Nc4 Rc8 11. Bxf6 gxf6 12. Bd3 Ne7 13. Ne3 Bh6 14. Qf3 Bg7
15. g4 Nc6 16. Nf5 Bxf5 17. gxf5 Qb6 18. O-O-O Bh6+ 19. Kb1 Nd4 20. Qh5 Rxc3
21. Qxh6 Ke7 22. Rhg1 Rhc8 23. Rg7 Rxc2 24. Rxf7+ Kxf7 25. Qxh7+ Ke8 26. Qg6+
Kd8 27. Qxf6+ Kc7 28. Bxc2 Kb8 29. Bd3 Qb4 30. Qh6 Rc6 31. Qd2 Qb6 32. Rc1 Nf3
33. Qe3 Qxe3 0-1

[Event "62.HEM 2008, Gruppe C"]
[Site "Hanau"]
[Date "2008.03.20"]
[Round "2.19"]
[White "Warnk, Torsten"]
[Black "Foerster, Rudi"]
[Result "0-1"]
[WhiteElo "2063"]
[BlackElo "1914"]
[PlyCount "68"]
[EventDate "2008.??.??"]

1. d4 d5 2. Nf3 Nc6 3. Bf4 Bg4 4. e3 e6 5. c4 Bd6 6. Bxd6 Qxd6 7. c5 Bxf3 8.
Qxf3 Qd7 9. Bb5 Nge7 10. O-O O-O 11. Nc3 a6 12. Ba4 b5 13. cxb6 cxb6 14. Qe2 b5
15. Bc2 Rfc8 16. Rfc1 Qb7 17. a3 g6 18. h4 Nf5 19. h5 Qe7 20. Qg4 Kh8 21. hxg6
fxg6 22. Qh3 Kg7 23. Ne2 Na5 24. Bxf5 exf5 25. Nf4 Qe4 26. Qg3 Nb3 27. Nh5+ Kh8
28. Rxc8+ Rxc8 29. Nf6 Qe6 30. Qh4 Kg7 31. Qxh7+ Kxf6 32. Qh4+ Kg7 33. Rd1 Qd6
34. Rd3 Rc1+ 0-1

[Event "62.HEM 2008, Gruppe C"]
[Site "Hanau"]
[Date "2008.03.20"]
[Round "2.20"]
[White "Enders, Georg"]
[Black "Zimmerer, David"]
[Result "1-0"]
[WhiteElo "2042"]
[BlackElo "1808"]
[PlyCount "43"]
[EventDate "2008.??.??"]

1. e4 c5 2. Nf3 Nc6 3. Bb5 e6 4. O-O Nge7 5. c3 d5 6. exd5 Qxd5 7. c4 Qd8 8. d4
a6 9. Ba4 cxd4 10. Nxd4 Bd7 11. Nf3 g6 12. Nc3 Nb8 13. Ne4 Nf5 14. Bg5 Be7 15.
Bxe7 Kxe7 16. Qb3 Bxa4 17. Qxa4 Qd7 18. Qa3+ Nd6 19. Rad1 Rd8 20. Nxd6 Qc6 21.
Nxb7+ Kf6 22. Qc3+ 1-0

[Event "62.HEM 2008, Gruppe C"]
[Site "Hanau"]
[Date "2008.03.20"]
[Round "2.21"]
[White "Genis, Roy"]
[Black "Radtke, Thoralf"]
[Result "1/2-1/2"]
[WhiteElo "1917"]
[BlackElo "2005"]
[PlyCount "110"]
[EventDate "2008.??.??"]

1. e4 e6 2. d4 d5 3. Nc3 dxe4 4. Nxe4 Nd7 5. Nf3 Ngf6 6. Bd3 Be7 7. O-O b6 8.
Re1 Bb7 9. c3 O-O 10. Qc2 Nxe4 11. Bxe4 Bxe4 12. Qxe4 Nf6 13. Qc6 Qd5 14. Qxd5
Nxd5 15. Ne5 c5 16. Be3 Rac8 17. dxc5 Nxe3 18. Rxe3 Bxc5 19. Rd3 Rfd8 20. Rad1
Rxd3 21. Rxd3 f6 22. Nf3 Rc7 23. Kf1 e5 24. Nd2 Kf8 25. Ne4 Be7 26. Ke2 f5 27.
Nd6 g6 28. Nb5 Rb7 29. Nd6 Rd7 30. Nc4 Rxd3 31. Kxd3 e4+ 32. Ke2 Bd8 33. f3
exf3+ 34. Kxf3 Bc7 35. h3 Kf7 36. Ne3 Ke6 37. c4 Ke5 38. Nc2 g5 39. b3 h5 40.
Nb4 g4+ 41. hxg4 hxg4+ 42. Ke2 Ke4 43. Nd5 Bd6 44. a4 f4 45. Nf6+ Kf5 46. Nd5
Ke5 47. Nc3 Bc5 48. Nd5 Bd4 49. Nb4 Ke4 50. Nc6 a5 51. b4 axb4 52. Nxb4 f3+ 53.
gxf3+ gxf3+ 54. Kf1 Bc5 55. Nc6 Bd6 1/2-1/2

[Event "62.HEM 2008, Gruppe C"]
[Site "Hanau"]
[Date "2008.03.20"]
[Round "2.22"]
[White "Rompel, Michael"]
[Black "Bankmann, Daniel"]
[Result "0-1"]
[WhiteElo "1981"]
[BlackElo "1779"]
[PlyCount "82"]
[EventDate "2008.??.??"]

1. d4 Nf6 2. c3 g6 3. Bg5 Bg7 4. Nd2 d5 5. e3 O-O 6. Bd3 Nbd7 7. f4 c5 8. Ngf3
Qb6 9. Rb1 Qe6 10. Qe2 c4 11. Bc2 h6 12. Bh4 Ng4 13. e4 dxe4 14. Qxe4 Ndf6 15.
Bxf6 exf6 16. O-O Qa6 17. h3 Bf5 18. Qe2 Bxc2 19. Qxc4 Ne3 20. Qxa6 bxa6 21.
Rfe1 Bxb1 22. Rxb1 Nd5 23. g3 Rfe8 24. Kf2 Re6 25. c4 Nb4 26. d5 Nd3+ 27. Kf1
Re3 28. b4 Rb8 29. a3 a5 30. d6 Kf8 31. c5 Nxc5 32. bxc5 Rxb1+ 33. Nxb1 Rxf3+
34. Ke2 Rb3 35. Nd2 Rb2 36. Kd3 Rxd2+ 37. Kxd2 Ke8 38. c6 Bf8 39. d7+ Kd8 40.
a4 Kc7 41. Kd3 Be7 0-1

[Event "62.HEM 2008, Gruppe C"]
[Site "Hanau"]
[Date "2008.03.20"]
[Round "2.23"]
[White "Krzesinski, Paul"]
[Black "Gertz, Berthold"]
[Result "1-0"]
[WhiteElo "1829"]
[BlackElo "1949"]
[PlyCount "59"]
[EventDate "2008.??.??"]

1. e4 c5 2. Nf3 d6 3. d4 cxd4 4. Nxd4 Nf6 5. Nc3 a6 6. Be3 e6 7. Be2 Be7 8. O-O
O-O 9. f4 Qc7 10. Qe1 Nc6 11. Nxc6 bxc6 12. Qg3 Qa5 13. Rad1 Re8 14. Kh1 Rb8
15. e5 Nd5 16. exd6 Bxd6 17. Ne4 Be7 18. Bd4 f6 19. a3 Rf8 20. c4 Nb6 21. f5 e5
22. b4 Qa4 23. Nc5 Bxc5 24. Bxc5 Re8 25. Rd2 Bb7 26. Bxb6 c5 27. b5 Bxg2+ 28.
Kxg2 Rxb6 29. Rd7 g5 30. Qh3 1-0

[Event "62.HEM 2008, Gruppe C"]
[Site "Hanau"]
[Date "2008.03.20"]
[Round "2.24"]
[White "Weber, Andreas"]
[Black "Powalla, Klaus"]
[Result "0-1"]
[WhiteElo "1813"]
[BlackElo "1931"]
[PlyCount "80"]
[EventDate "2008.??.??"]

1. e4 Nf6 2. Nc3 d5 3. d4 Nxe4 4. Nxe4 dxe4 5. Bf4 Bf5 6. Qd2 e6 7. O-O-O Bd6
8. f3 Bxf4 9. Qxf4 Qd6 10. Qg5 Rg8 11. g4 Bg6 12. d5 f6 13. Qe3 e5 14. fxe4 Nd7
15. h4 a6 16. h5 Bf7 17. Nf3 O-O-O 18. Nh4 Kb8 19. Nf5 Qc5 20. Qe1 g6 21. Nh6
Rgf8 22. Nxf7 Rxf7 23. hxg6 hxg6 24. Rh6 Rg8 25. b4 Qe7 26. d6 cxd6 27. Bc4 Nb6
28. Bxf7 Qxf7 29. Kb1 Rc8 30. Rh2 Na4 31. Rd3 Qc4 32. Rb3 Nc3+ 33. Kb2 Nxe4 34.
Qe2 Qd4+ 35. Ka3 Nc3 36. Qe1 Nb5+ 37. Ka4 Qxg4 38. Rd3 Qe6 39. c3 e4 40. Re2
Qd7 0-1

[Event "62.HEM 2008, Gruppe C"]
[Site "Hanau"]
[Date "2008.03.20"]
[Round "2.25"]
[White "Becker, Jonas"]
[Black "Reichel, Rolf"]
[Result "1-0"]
[WhiteElo "1922"]
[BlackElo "1748"]
[PlyCount "91"]
[EventDate "2008.??.??"]

1. d4 d5 2. Bf4 Nf6 3. e3 Nc6 4. h3 Bf5 5. Nf3 h6 6. c3 e6 7. Bb5 Bd6 8. Qa4
O-O 9. Bxd6 Qxd6 10. Bxc6 bxc6 11. Ne5 c5 12. Qc6 Qxc6 13. Nxc6 Bxb1 14. Rxb1
cxd4 15. cxd4 a5 16. Rc1 a4 17. O-O Rfe8 18. Rc2 Kf8 19. Rfc1 Rec8 20. Nb4 Ne8
21. Rc6 Ke7 22. Na6 Kd7 23. Kf1 Ra7 24. Ke2 Nd6 25. Nb4 Rb7 26. Nd3 Ra7 27.
Ne5+ Kd8 28. Kd1 f6 29. Rxd6+ cxd6 30. Nc6+ Rxc6 31. Rxc6 Kd7 32. Rb6 Kc7 33.
Rb4 h5 34. Kc2 Ra6 35. Kd3 e5 36. Rb5 Kc6 37. Rb8 e4+ 38. Kd2 Kc7 39. Rg8 Rb6
40. Rxg7+ Kd8 41. Kc1 Rc6+ 42. Kb1 Ke8 43. Rh7 h4 44. Rxh4 Kf7 45. Rh5 Ke6 46.
g4 1-0

[Event "62.HEM 2008, Gruppe C"]
[Site "Hanau"]
[Date "2008.03.20"]
[Round "2.26"]
[White "Rausch, Wolfgang"]
[Black "Ewin, Hans-Peter"]
[Result "0-1"]
[WhiteElo "1800"]
[BlackElo "1920"]
[PlyCount "60"]
[EventDate "2008.??.??"]

1. c4 e5 2. Nc3 Nf6 3. Nf3 Nc6 4. d4 exd4 5. Nxd4 Bb4 6. Nxc6 bxc6 7. Qd3 O-O
8. e3 Re8 9. a3 Bf8 10. Be2 d5 11. O-O g6 12. Rd1 Bf5 13. Qd2 Qe7 14. cxd5 Rad8
15. Qd4 Bg7 16. Qxa7 cxd5 17. Qb7 d4 18. exd4 Ne4 19. Be3 Rb8 20. Qc6 Rxb2 21.
Bf3 Nxc3 22. Qxc3 Reb8 23. a4 Rc2 24. Qe1 c5 25. dxc5 Bxa1 26. Rxa1 Rcb2 27.
Rc1 Rb1 28. Qc3 R8b3 29. Qa5 Rxe3 30. Rxb1 Bxb1 0-1